| 000 | 00888nam a2200205Ia 4500 | ||
|---|---|---|---|
| 003 | GCL | ||
| 005 | 20240530102914.0 | ||
| 008 | 140319s9999 xx 000 0 ara d | ||
| 040 |
_aGCL / _cGCL |
||
| 082 | 0 | 4 |
_a338.9 _bم خ |
| 100 | 1 | _aمحمود الحمصى | |
| 245 | 1 | 0 |
_aخطط التنمية العربية واتجاهاتها التكاملية والتنافرية : _bدراسة للاتجاعات الانمائية فى خطط التنمية العربية المعاصرة ازاء التكامل الاقتصادى العربى 1960 - 1980 / _cمحمود الحمصى |
| 260 |
_a[ بيروت] : _bمركز دراسات الوحدة العربية ، _c1980 |
||
| 300 |
_a252 ص _b24 سم |
||
| 650 | 0 | 4 | _aالعالم العربى |
| 650 | 0 | 4 | _aالاقتصاد |
| 650 | 0 | 4 | _aالتنمية الاقتصادية |
| 700 | 1 | _aمحمود الحمصى | |
| 942 |
_2ddc _cBK |
||
| 999 |
_c35283 _d35283 |
||